| 000 | 00347cam a22001217a 4500 | ||
|---|---|---|---|
| 008 | 180718b1976 xxu||||| |||| 00| 0 eng d | ||
| 082 | _aD45 C717 | ||
| 100 | _aConference Of Head Of States of Non Aligned Countries (5th:Colombo) | ||
| 245 | _aDocuments and selected speeches | ||
| 260 |
_aColombo _b _c1976 |
||
| 300 | _a227p. | ||
| 650 | _aNeutrality | ||
| 999 |
_c343339 _d343339 |
||